| 000 | 00545nam a2200181 a 4500 | ||
|---|---|---|---|
| 005 | 20140310183342.0 | ||
| 008 | 070109s19uu xx 00 eng d | ||
| 020 | _a1584792221 | ||
| 050 |
_aNC 998.5.A1 _b.H64 2002 |
||
| 100 | _aHoffman, Barry | ||
| 245 |
_aThe fine art of advertising / _cBarry Hoffman |
||
| 260 |
_aNew York : _bA Company of La Martiniere, _c2002. |
||
| 300 |
_a143 p. : _bill. col. ; _c26 cm. |
||
| 521 | _aMA | ||
| 650 |
_aCommercial art _xUnited States _xHistory _x20th century. |
||
| 942 |
_cBK _2lcc _kFOR |
||
| 999 |
_c21850 _d21850 |
||